Africa's Coastal Countries Map - Statistics

General Stats
  • This quiz has been taken 40 times
  • The average score is 26 of 32
Answers on the Map
Answers color-coded by a green-red scale on the quiz's map according to % correct below.
 
Answer Stats
Answer % Correct
South Africa
93%
Algeria
90%
Congo (Dem. Rep.)
90%
Egypt
90%
Libya
90%
Morocco
90%
Mozambique
90%
Eritrea
87%
Mauritania
87%
Somalia
87%
Sudan
87%
Tanzania
87%
Djibouti
83%
Namibia
83%
Benin
80%
Cameroon
80%
Congo (Rep. of)
80%
Ghana
80%
Ivory Coast
80%
Nigeria
80%
Senegal
80%
Tunisia
80%
Angola
77%
Equatorial Guinea
77%
Kenya
77%
Togo
77%
Gambia
73%
Sierra Leone
73%
Gabon
70%
Guinea
70%
Liberia
70%
Guinea-Bissau
67%
No matching quizzes found
Score Distribution
Percent of People with Each Score
Percentile by Number Answered
Your Score History
You have not taken this quiz